01072nam a2200181Ia 4500001001300000003001000013008004100023040002500064041000700089100001800096245004000114250001100154260006200165300001200227500058900239650004400828700001800872b5789-39069 IT-MiCISF161014s9999||||xx |||||||||||||| ||und|| aIT-MiCISFcIT-MiCISF ait aBlancato Elio 0aDepressionebA ciascuno la sua cura a1a ed. a San Pietro in Cariano (VR)bIl Segno dei Gabriellic2004 app. 240 a / salute-mentale, cura, indirizzi, terapia / Partendo dall'osservazione che la depressione è una malattia ciclica, che non guarisce ma che si esaurisce, il testo procede seguendo due direttrici: la preminenza dell'uomo sulla malattia e la molteplicità delle strade che conducono alla remissione dei sintomi. Mentre nella fase acuta gli psicofarmaci possono essere utili, la via verso la guarigione e il ricupero della gioia di vivere e dell'amore per sé e per gli altri, è secondo gli AA. la psicoterapia. In questa ottica, vengono presentati i diversi percorsi terapeutici.  a Dinamiche familiari / salute-curae001 aBlancato Ivan